[Event "XI Festival A"]
[Site "Porto San Giorgio ITA"]
[Date "1999.08.27"]
[Round "8"]
[White "Iordachescu, Viorel"]
[Black "Grischuk, Alexander"]
[Result "1/2-1/2"]
[WhiteElo "2553"]
[BlackElo "2549"]
[PlyCount "79"]
[EventDate "1999.08.20"]

1.e4 e5 2.Nf3 Nc6 3.Bb5 a6 4.Ba4 Nf6 5.O-O Be7 6.Re1 b5 7.Bb3 d6 8.c3 O-O 
9.h3 Nd7 10.d4 Bf6 11.a4 Bb7 12.d5 Ne7 13.axb5 axb5 14.Rxa8 Qxa8 15.Na3 
Ba6 16.Nh2 Ng6 17.Ng4 Be7 18.Bc2 Rb8 19.b4 Nf6 20.Qf3 Bc8 21.g3 Nxg4 22.
hxg4 h6 23.Qe2 Bd7 24.Bb2 Bg5 25.Ra1 Qb7 26.Bd3 Qc8 27.f3 Qb7 28.Kg2 c6 
29.dxc6 Bxc6 30.Bc1 Bxc1 31.Rxc1 Nf8 32.c4 bxc4 33.Nxc4 Bb5 34.Rb1 Qa6 35.
Rb2 Ne6 36.Ra2 Qb7 37.Nxd6 Bxd3 38.Qxd3 Qxb4 39.Nf5 Rd8 40.Qe2 1/2-1/2

[Event "XI Festival A"]
[Site "Porto San Giorgio ITA"]
[Date "1999.08.27"]
[Round "8"]
[White "Iudicello, Massimo"]
[Black "Mola, Pietro"]
[Result "1-0"]
[WhiteElo "2072"]
[BlackElo "2203"]
[PlyCount "45"]
[EventDate "1999.08.20"]

1.e4 e5 2.Nf3 Nf6 3.d3 Nc6 4.g3 d5 5.Nbd2 dxe4 6.dxe4 Bc5 7.h3 h6 8.Bg2 
Be6 9.O-O Qd7 10.Kh2 O-O-O 11.Qe2 Nh7 12.c3 g5 13.b4 Bd6 14.Ng1 Kb8 15.Nb3
f6 16.b5 Ne7 17.Be3 Ba3 18.Rfd1 Qc8 19.Bc5 Rxd1 20.Qxd1 Bxb3 21.Bxa7+ Kxa7
22.axb3 b6 23.Qc1 1-0

[Event "XI Festival A"]
[Site "Porto San Giorgio ITA"]
[Date "1999.08.27"]
[Round "8"]
[White "Lazarev, Vladimir"]
[Black "Dragojlovic, Andjelko"]
[Result "1-0"]
[WhiteElo "2501"]
[BlackElo "2350"]
[PlyCount "59"]
[EventDate "1999.08.20"]

1.d4 Nf6 2.c4 g6 3.Nc3 d5 4.Nf3 Bg7 5.Qb3 dxc4 6.Qxc4 O-O 7.Bf4 c6 8.e4 a5
9.Be2 Na6 10.O-O Be6 11.Qd3 b5 12.Ne5 Nb4 13.Qd2 Qb6 14.a3 Rad8 15.Be3 c5 
16.dxc5 Qb8 17.Qc1 Qxe5 18.f4 Qb8 19.axb4 axb4 20.Nxb5 Nxe4 21.c6 Rd5 22.
c7 Qe8 23.Na7 Nd6 24.Rd1 Rxd1+ 25.Bxd1 f5 26.Ra4 b3 27.Rb4 Nc8 28.Nxc8 
Bxc8 29.Bxb3+ Kh8 30.Bd4 1-0

[Event "XI Festival A"]
[Site "Porto San Giorgio ITA"]
[Date "1999.08.27"]
[Round "8"]
[White "Marzano, Carlo"]
[Black "Bellia, Fabrizio"]
[Result "0-1"]
[WhiteElo "2233"]
[BlackElo "2333"]
[PlyCount "72"]
[EventDate "1999.08.20"]

1.d4 Nf6 2.Nf3 g6 3.c4 Bg7 4.Nc3 O-O 5.e4 d6 6.Be2 Na6 7.O-O e5 8.d5 Nc5 
9.Qc2 a5 10.Ne1 Bd7 11.Be3 b6 12.f3 Nh5 13.Nd3 Nxd3 14.Bxd3 Nf4 15.b3 Nxd3
16.Qxd3 f5 17.a3 f4 18.Bf2 g5 19.b4 g4 20.fxg4 Bxg4 21.c5 f3 22.g3 Bh3 23.
Rfb1 axb4 24.axb4 bxc5 25.bxc5 h5 26.Nd1 Rxa1 27.Rxa1 Qg5 28.Be3 Qg6 29.
Kf2 h4 30.Nb2 hxg3+ 31.hxg3 Bg2 32.Rg1 Qh7 33.Ke1 f2+ 34.Bxf2 Bxe4 35.Qd2 
Bf3 36.Qe3 Qb1+ 0-1

[Event "XI Festival A"]
[Site "Porto San Giorgio ITA"]
[Date "1999.08.27"]
[Round "8"]
[White "Mrdja, Milan"]
[Black "Naumkin, Igor"]
[Result "0-1"]
[WhiteElo "2425"]
[BlackElo "2489"]
[PlyCount "86"]
[EventDate "1999.08.20"]

1.e4 e5 2.Nf3 Nc6 3.Bb5 a6 4.Ba4 Nf6 5.O-O Nxe4 6.d4 b5 7.Bb3 d5 8.dxe5 
Be6 9.c3 Nc5 10.Bc2 Bg4 11.Re1 Be7 12.Nbd2 Qd7 13.Nb3 Ne6 14.h3 Bh5 15.Bf5
Ncd8 16.Be3 a5 17.Qe2 a4 18.Nbd4 Rb8 19.Bd3 c6 20.Nf5 Bg6 21.Rad1 O-O 22.
g4 Re8 23.Nxe7+ Qxe7 24.Bf5 Nc5 25.Bxc5 Qxc5 26.a3 Ne6 27.Nd4 Nxd4 28.Rxd4
Qe7 29.Kh2 Qc7 30.Kg2 Rbd8 31.f4 Re7 32.Rd3 f6 33.Re3 Rde8 34.Bxg6 hxg6 
35.Qd3 fxe5 36.Qxg6 e4 37.f5 Rf8 38.g5 Re5 39.Rf1 Qf7 40.Qxf7+ Rxf7 41.Kg3
Rexf5 42.Rxf5 Rxf5 43.h4 g6 0-1

[Event "XI Festival A"]
[Site "Porto San Giorgio ITA"]
[Date "1999.08.27"]
[Round "8"]
[White "Ori, Marco"]
[Black "Fabiano, Giuseppe"]
[Result "0-1"]
[WhiteElo "2068"]
[BlackElo "2293"]
[PlyCount "68"]
[EventDate "1999.08.20"]

1.e4 e6 2.d4 d5 3.Nd2 c5 4.exd5 exd5 5.Ngf3 Nf6 6.Bb5+ Nbd7 7.O-O Be7 8.
dxc5 O-O 9.b4 a5 10.c3 Ne4 11.Bb2 Bf6 12.Qc2 Ne5 13.Nxe5 Bxe5 14.Nf3 Bc7 
15.Bd3 Re8 16.Rfd1 Qe7 17.Bb5 Bg4 18.Rd3 Ng5 19.Bxe8 Bxf3 20.Re3 Be4 21.
Bb5 Qe5 22.f4 Qxf4 23.Qf2 Qxh2+ 24.Kf1 Bf4 25.Ree1 Bg3 26.Qg1 Qh4 27.Re3 
Qg4 28.Bd7 Qf4+ 29.Ke2 Rd8 30.Bb5 axb4 31.Qf1 Qg4+ 32.Kd2 Bf4 33.Be2 Qg3 
34.Qg1 bxc3+ 0-1

[Event "XI Festival A"]
[Site "Porto San Giorgio ITA"]
[Date "1999.08.27"]
[Round "8"]
[White "Sermek, Drazen"]
[Black "Foisor, Ovidiu-Doru"]
[Result "1-0"]
[WhiteElo "2545"]
[BlackElo "2472"]
[PlyCount "37"]
[EventDate "1999.08.20"]

1.e4 e6 2.d4 d5 3.Nd2 dxe4 4.Nxe4 Bd7 5.Nf3 Bc6 6.Bd3 Nd7 7.Qe2 Ngf6 8.
Neg5 Bxf3 9.Qxf3 c6 10.O-O Bd6 11.Re1 Qc7 12.Qh3 h6 13.Rxe6+ Kf8 14.Bg6 
Bxh2+ 15.Kh1 Ng4 16.Re2 Qd6 17.Nxf7 Qxg6 18.Nxh8 Qf5 19.Qf3 1-0

[Event "XI Festival A"]
[Site "Porto San Giorgio ITA"]
[Date "1999.08.27"]
[Round "8"]
[White "Timoscenko, Gennadij A."]
[Black "Lputian, Smbat G."]
[Result "1-0"]
[WhiteElo "2536"]
[BlackElo "2625"]
[PlyCount "101"]
[EventDate "1999.08.20"]

1.d4 d5 2.c4 e6 3.Nf3 Nf6 4.Nc3 Be7 5.Bg5 h6 6.Bh4 O-O 7.Rc1 c6 8.e3 Nbd7 
9.a3 b6 10.Bd3 Bb7 11.Qe2 a6 12.O-O Nh5 13.Bxe7 Qxe7 14.Rfd1 Rfc8 15.cxd5 
cxd5 16.Na2 Nhf6 17.Rxc8+ Bxc8 18.Rc1 Ne8 19.Nb4 a5 20.Nc6 Qf8 21.e4 Nef6 
22.e5 Ne8 23.Bb5 Nc7 24.Ne7+ Qxe7 25.Rxc7 Qd8 26.Rc6 Nb8 27.Rd6 Qc7 28.g3 
Bd7 29.Bxd7 Nxd7 30.Qb5 Ra7 31.Kg2 Qc8 32.Ng1 Qc4 33.Qxc4 dxc4 34.a4 Rc7 
35.Ne2 Kf8 36.Nc3 Ke7 37.f4 Rc8 38.Kf3 h5 39.f5 g6 40.f6+ Nxf6 41.Rxb6 Nd7
42.Ra6 Rb8 43.Nb5 Nb6 44.Rxa5 Nxa4 45.Ra7+ Kf8 46.Nd6 Nxb2 47.Rxf7+ Kg8 
48.Rc7 Rf8+ 49.Ke2 Ra8 50.Ke3 Rf8 51.d5 1-0

[Event "XI Festival A"]
[Site "Porto San Giorgio ITA"]
[Date "1999.08.28"]
[Round "9"]
[White "Braghetta, Sergio"]
[Black "Sedina, Elena"]
[Result "0-1"]
[WhiteElo "2270"]
[BlackElo "2398"]
[PlyCount "26"]
[EventDate "1999.08.20"]

1.d4 Nf6 2.Nf3 c5 3.c4 g6 4.Nc3 cxd4 5.Nxd4 Bg7 6.e4 Nc6 7.Nxc6 bxc6 8.Bd3
O-O 9.O-O d6 10.f4 Ng4 11.Qe2 Bd4+ 12.Kh1 e5 13.f5 Nxh2 0-1

[Event "XI Festival A"]
[Site "Porto San Giorgio ITA"]
[Date "1999.08.28"]
[Round "9"]
[White "Glek, Igor V."]
[Black "Iordachescu, Viorel"]
[Result "1/2-1/2"]
[WhiteElo "2536"]
[BlackElo "2553"]
[PlyCount "82"]
[EventDate "1999.08.20"]

1.e4 g6 2.d4 Bg7 3.Nc3 c6 4.f4 d5 5.e5 Nh6 6.Nf3 f6 7.Be3 Bg4 8.h3 Bxf3 9.
Qxf3 fxe5 10.dxe5 O-O 11.Qe2 Nf5 12.Bf2 e6 13.h4 c5 14.O-O-O Nd4 15.Qg4 
Nbc6 16.h5 Nxe5 17.fxe5 Rxf2 18.hxg6 h6 19.Nb5 Nf5 20.Bd3 Bxe5 21.Rdf1 
Rxf1+ 22.Rxf1 Qe7 23.Bxf5 exf5 24.Qxf5 Rf8 25.Qxf8+ Qxf8 26.Rxf8+ Kxf8 27.
Nxa7 Kg7 28.Nc8 Kxg6 29.Ne7+ Kg5 30.Kd2 Kf4 31.Ke2 Ke4 32.b3 Bf4 33.a4 Kd4
34.Nc8 Kc3 35.Kd1 c4 36.Ne7 Kd4 37.Ke2 Bg5 38.Nf5+ Kc5 39.bxc4 dxc4 40.c3 
Bf6 41.Kd2 Bg5+ 1/2-1/2

[Event "XI Festival A"]
[Site "Porto San Giorgio ITA"]
[Date "1999.08.28"]
[Round "9"]
[White "Lputian, Smbat G."]
[Black "Cioara, Andrei Nestor"]
[Result "1-0"]
[WhiteElo "2625"]
[BlackElo "2423"]
[PlyCount "39"]
[EventDate "1999.08.20"]

1.d4 Nf6 2.c4 e6 3.Nf3 b6 4.a3 Bb7 5.Nc3 d5 6.cxd5 Nxd5 7.Bd2 Be7 8.Qc2 
O-O 9.e4 Nxc3 10.Bxc3 Nd7 11.O-O-O Qc8 12.h4 Re8 13.Rh3 c5 14.d5 exd5 15.
exd5 Ba6 16.d6 Bd8 17.Ng5 g6 18.Nxf7 Kxf7 19.Rf3+ Kg8 20.Qd2 1-0

[Event "XI Festival A"]
[Site "Porto San Giorgio ITA"]
[Date "1999.08.28"]
[Round "9"]
[White "Razuvaev, Yuri S."]
[Black "Davies, Nigel R."]
[Result "1-0"]
[WhiteElo "2559"]
[BlackElo "2518"]
[PlyCount "77"]
[EventDate "1999.08.20"]

1.d4 e6 2.Nf3 Nf6 3.c4 Bb4+ 4.Bd2 Bxd2+ 5.Qxd2 O-O 6.g3 d5 7.Bg2 b6 8.cxd5
exd5 9.Nc3 Bb7 10.O-O Na6 11.Rac1 Qe7 12.Qf4 Rfd8 13.Rfd1 c5 14.Nh4 g6 15.
Qg5 Qe6 16.Nf3 Ne4 17.Qf4 f6 18.h4 Qe7 19.dxc5 Naxc5 20.Nd4 a5 21.b3 Rac8 
22.Bh3 f5 23.Ncb5 Ba6 24.a4 Kh8 25.Bg2 Kg8 26.Bf3 Rf8 27.Kg2 Kh8 28.Rc2 
Kg8 29.Rdc1 Kh8 30.Rd1 Kg8 31.Bxe4 fxe4 32.Qd6 Qf7 33.Rf1 Rb8 34.Nc6 Rb7 
35.Nd8 Qf5 36.Nxb7 e3 37.Rxc5 Bxb7 38.Rc7 Bc8 39.Rxc8 1-0

[Event "XI Festival A"]
[Site "Porto San Giorgio ITA"]
[Date "1999.08.28"]
[Round "9"]
[White "Timoscenko, Gennadij A."]
[Black "Malakhov, Vladimir"]
[Result "1/2-1/2"]
[WhiteElo "2536"]
[BlackElo "2570"]
[PlyCount "64"]
[EventDate "1999.08.20"]

1.d4 d5 2.c4 e6 3.Nf3 c6 4.Qc2 Nf6 5.Bg5 Nbd7 6.e3 Qa5+ 7.Nbd2 Ne4 8.Bf4 
Bb4 9.a3 Nxd2 10.Nxd2 dxc4 11.Bxc4 e5 12.dxe5 Nxe5 13.Bxe5 Bxd2+ 14.Qxd2 
Qxe5 15.O-O O-O 16.Rfd1 Bf5 17.Qb4 b5 18.Bf1 a5 19.Qd4 Qxd4 20.Rxd4 Rfd8 
21.Rc1 Rxd4 22.exd4 Be4 23.f3 Bd5 24.Rc5 Rd8 25.a4 bxa4 26.Rxa5 Bb3 27.Kf2
Kf8 28.Ke3 Rb8 29.Kd2 Bd5 30.Kc3 Rb3+ 31.Kc2 Rb4 32.Kc3 Rb3+ 1/2-1/2

[Event "XXVI C.to Italiano femminile"]
[Site "Porto San Giorgio ITA"]
[Date "1999.08.20"]
[Round "1"]
[White "Arnetta, Maria Teresa"]
[Black "Barbiso, Tiziana"]
[Result "1-0"]
[WhiteElo "1792"]
[BlackElo "2050"]
[PlyCount "179"]
[EventDate "1999.08.20"]

1.e4 e6 2.d4 d5 3.Nd2 Nc6 4.c3 e5 5.exd5 Qxd5 6.dxe5 Nxe5 7.Ngf3 Bf5 8.
Nxe5 Qxe5+ 9.Qe2 Qxe2+ 10.Bxe2 O-O-O 11.O-O Bd6 12.Nf3 Nf6 13.Bc4 Rhf8 14.
Bg5 Rde8 15.Bxf6 gxf6 16.Rfe1 Be6 17.Bd3 h6 18.Nd4 Be5 19.Nf3 Bd5 20.Nh4 
Rg8 21.g3 Be6 22.Nf5 Bxf5 23.Bxf5+ Kb8 24.Rad1 Bd6 25.Bc2 Re5 26.Bb3 Rge8 
27.Kf1 R8e7 28.f4 Rxe1+ 29.Rxe1 Rxe1+ 30.Kxe1 Bc5 31.Bxf7 Kc8 32.Ke2 Kd7 
33.Kf3 f5 34.h3 Ke7 35.Bh5 Kf6 36.g4 Bb6 37.Be8 Bc5 38.Bd7 fxg4+ 39.hxg4 
Ke7 40.Bc8 b6 41.Ke4 Kf6 42.b4 Bd6 43.b5 Kg6 44.Bd7 Kf6 45.Bc6 Kg6 46.Be8+
Kf6 47.f5 Be5 48.c4 Bd6 49.Kd5 Ke7 50.Bg6 Bf4 51.Kc6 Be5 52.Kb7 Kd7 53.
Kxa7 Kc8 54.Bf7 Kd7 55.a4 Bc3 56.Bd5 Kd6 57.Ka6 Bd4 58.a5 bxa5 59.Kxa5 
Bb6+ 60.Kb4 Bc5+ 61.Kc3 Ke5 62.Bf7 Kd6 63.Kb3 Bd4 64.Ka4 Bb6 65.Bd5 Ke5 
66.Kb4 h5 67.Bf3 hxg4 68.Bxg4 Kd6 69.Bf3 Bd4 70.Bd5 Ke5 71.Be6 Kd6 72.Kb3 
Bf6 73.Kc2 Kc5 74.Kd3 Bd4 75.Ke4 Bf6 76.Kf4 Kd6 77.Kg4 Ke7 78.Kh5 Bd4 79.
Kg6 Bc5 80.Bd5 Bd4 81.Bf3 Bf6 82.c5 Bd4 83.c6 Bc5 84.f6+ Kf8 85.Kf5 Kf7 
86.Bh5+ Kf8 87.Ke6 Kg8 88.Kd7 Bb6 89.Ke8 Bc5 90.b6 1-0

[Event "XXVI C.to Italiano femminile"]
[Site "Porto San Giorgio ITA"]
[Date "1999.08.20"]
[Round "1"]
[White "De Nisi, Martina"]
[Black "Arnetta, Marianna"]
[Result "1/2-1/2"]
[WhiteElo "1515"]
[BlackElo "1714"]
[PlyCount "86"]
[EventDate "1999.08.20"]

1.c4 c5 2.Nc3 Nf6 3.g3 d6 4.Bg2 Nc6 5.e3 Bf5 6.a3 e5 7.Nge2 Qd7 8.O-O Bh3 
9.d4 h5 10.d5 Ne7 11.Qa4 Bxg2 12.Qxd7+ Kxd7 13.Kxg2 e4 14.h3 g5 15.f3 g4 
16.fxg4 Nh7 17.Nxe4 hxg4 18.hxg4 b5 19.b3 Bg7 20.Rb1 Raf8 21.Bb2 Bxb2 22.
Rxb2 Rhg8 23.Rh1 Rxg4 24.Kf3 f5 25.Nxc5+ dxc5 26.Rxh7 Kd6 27.cxb5 Nxd5 28.
Rxa7 Re8 29.Rd2 Rxe3+ 30.Kf2 Ree4 31.Rxd5+ Kxd5 32.Nc3+ Kd4 33.Nxe4 fxe4 
34.b6 e3+ 35.Kf3 Rg8 36.Re7 Rf8+ 37.Ke2 Rf2+ 38.Ke1 Rb2 39.b4 cxb4 40.axb4
Rxb4 41.b7 Kd3 42.Rd7+ Ke4 43.g4 Kf3 1/2-1/2

[Event "XXVI C.to Italiano femminile"]
[Site "Porto San Giorgio ITA"]
[Date "1999.08.20"]
[Round "1"]
[White "De Nisi, Roberta"]
[Black "Sautto, Alessandra"]
[Result "1-0"]
[WhiteElo "1540"]
[BlackElo "1515"]
[PlyCount "111"]
[EventDate "1999.08.20"]

1.f4 d5 2.Nf3 Nc6 3.e3 Nf6 4.Be2 e6 5.O-O Bd6 6.b3 e5 7.fxe5 Nxe5 8.Bb2 
Nxf3+ 9.Bxf3 Be7 10.Nc3 c6 11.Ne2 O-O 12.Ng3 g6 13.Qe1 Qd6 14.Qf2 Ng4 15.
Bxg4 Bxg4 16.e4 f6 17.Kh1 Rad8 18.Qf4 Qxf4 19.Rxf4 Be6 20.Raf1 Kg7 21.d3 
d4 22.Ne2 c5 23.R4f2 b6 24.Nf4 Bg8 25.c4 h6 26.Nd5 Bxd5 27.cxd5 Bd6 28.Bc1
Be5 29.g4 a6 30.Kg2 Rc8 31.Ba3 Rf7 32.Rc2 Rfc7 33.Bc1 b5 34.Kf3 c4 35.bxc4
bxc4 36.dxc4 Rxc4 37.Rxc4 Rxc4 38.Bf4 Rc8 39.Bxe5 fxe5 40.Ke2 Rc5 41.Kd2 
Rc8 42.h4 Rf8 43.Rb1 Rf6 44.g5 hxg5 45.hxg5 Rd6 46.a4 Kf7 47.Rb7+ Kf8 48.
Kd3 Ke8 49.Kc4 Kd8 50.Kc5 Rd7 51.Rb2 Ke7 52.Kc4 Rd6 53.a5 Kd7 54.Rb7+ Kc8 
55.Re7 Rd7 56.Rxe5 1-0

[Event "XXVI C.to Italiano femminile"]
[Site "Porto San Giorgio ITA"]
[Date "1999.08.20"]
[Round "1"]
[White "Parrino, Giuseppina"]
[Black "Capuano, Francesca"]
[Result "0-1"]
[WhiteElo "1840"]
[BlackElo "1651"]
[PlyCount "68"]
[EventDate "1999.08.20"]

1.e4 e5 2.Nc3 Nf6 3.f4 d5 4.exd5 Nxd5 5.Nf3 exf4 6.Bc4 Nxc3 7.bxc3 Bd6 8.
O-O O-O 9.d4 Bg4 10.Rb1 Nc6 11.Bd3 Rb8 12.Qe1 Re8 13.Qf2 Qf6 14.Ne1 Be6 
15.a3 Ba2 16.Rb5 g6 17.Bxf4 Bxf4 18.Kh1 Qd6 19.c4 Qxd4 20.Qxd4 Nxd4 21.Rd5
Ne6 22.g3 Bd6 23.Nf3 b5 24.Nd2 Bxc4 25.Bxc4 bxc4 26.Nxc4 Rbd8 27.Rd3 Bc5 
28.Rdf3 f5 29.a4 Nd4 30.R3f2 Nc6 31.Rf3 Ne5 32.Nxe5 Rxe5 33.Rc3 Bb4 34.Rc6
Re2 0-1

[Event "XXVI C.to Italiano femminile"]
[Site "Porto San Giorgio ITA"]
[Date "1999.08.20"]
[Round "1"]
[White "Sirletti, Sonia"]
[Black "Bonzano, Maria Angela"]
[Result "1-0"]
[WhiteElo "1804"]
[BlackElo "1593"]
[PlyCount "59"]
[EventDate "1999.08.20"]

1.d4 d5 2.c4 e6 3.Nf3 Nf6 4.Bg5 Be7 5.Nc3 Nbd7 6.e3 O-O 7.Rc1 Re8 8.Bd3 c6
9.O-O dxc4 10.Bxc4 b5 11.Bd3 Bb7 12.a3 a6 13.Bxf6 Nxf6 14.Ne4 Rc8 15.b4 
Nd7 16.Qc2 h6 17.Rfd1 Qc7 18.Nc5 Nxc5 19.dxc5 Bf6 20.Rd2 Red8 21.Rcd1 Kh8 
22.Be4 Rxd2 23.Rxd2 Rd8 24.g3 e5 25.Qd1 Rxd2 26.Qxd2 Be7 27.Bf5 f6 28.Nh4 
Kg8 29.Ng6 Bf8 30.Qa2+ 1-0

[Event "XXVI C.to Italiano femminile"]
[Site "Porto San Giorgio ITA"]
[Date "1999.08.21"]
[Round "2"]
[White "Arnetta, Marianna"]
[Black "Parrino, Giuseppina"]
[Result "1-0"]
[WhiteElo "1714"]
[BlackElo "1840"]
[PlyCount "97"]
[EventDate "1999.08.20"]

1.e4 c5 2.Nc3 e6 3.f4 Qc7 4.d3 a6 5.a4 b6 6.Nf3 Bb7 7.Be2 Nc6 8.Be3 Nd4 9.
Nxd4 cxd4 10.Bxd4 Qxf4 11.Bxb6 Nf6 12.Bf3 h5 13.Ne2 Qg5 14.Qd2 Qe5 15.Bd4 
Qc7 16.Qc3 Qd8 17.Qd2 Rc8 18.c4 Qc7 19.Qf4 Bb4+ 20.Kf1 Qd8 21.e5 Bxf3 22.
exf6 Bxe2+ 23.Kxe2 g6 24.Rhc1 Bf8 25.Rc2 Qa5 26.Bc3 Qb6 27.a5 Qb7 28.Kf1 
Rc5 29.Kg1 Rf5 30.Qe3 h4 31.Qe4 Qb8 32.b4 Bd6 33.h3 Rf4 34.Qe3 Rh5 35.Qb6 
Rhf5 36.Qxb8+ Bxb8 37.Rcc1 Ba7+ 38.d4 Bxd4+ 39.Bxd4 Rxd4 40.Rc2 Kd8 41.b5 
Kc8 42.bxa6 Kb8 43.Rb1+ Ka7 44.Rcb2 Kxa6 45.Rb6+ Ka7 46.Rb7+ Ka8 47.a6 Ra5
48.a7 Rd6 49.Rc7 1-0

[Event "XXVI C.to Italiano femminile"]
[Site "Porto San Giorgio ITA"]
[Date "1999.08.21"]
[Round "2"]
[White "Barbiso, Tiziana"]
[Black "De Nisi, Martina"]
[Result "1-0"]
[WhiteElo "2050"]
[BlackElo "1515"]
[PlyCount "89"]
[EventDate "1999.08.20"]

1.e4 e6 2.c4 c5 3.Nf3 Nc6 4.d4 cxd4 5.Nxd4 Bb4+ 6.Nc3 Bxc3+ 7.bxc3 a6 8.
Nxc6 bxc6 9.e5 Qa5 10.Qd4 Ne7 11.Bd2 Nf5 12.Qe4 Rb8 13.Bd3 Rb2 14.Rb1 Qxa2
15.Rxb2 Qxb2 16.Ke2 Qb8 17.Rb1 Qc7 18.c5 Ne7 19.c4 h5 20.Rb6 Nf5 21.Ba5 
Qa7 22.Qf4 Ne7 23.Qd4 Bb7 24.Qb2 Bc8 25.Qb4 O-O 26.Rb8 f6 27.Qb6 Qxb6 28.
cxb6 fxe5 29.b7 Bxb7 30.Rxb7 Nf5 31.Rxd7 Nd4+ 32.Ke3 Rf4 33.Bc3 c5 34.Ra7 
h4 35.Rxa6 Rg4 36.g3 hxg3 37.hxg3 e4 38.Bxe4 Kf7 39.Bxd4 cxd4+ 40.Kxd4 Ke7
41.c5 Kd7 42.Ra7+ Kd8 43.Ke3 Rg5 44.c6 Rc5 45.Rxg7 1-0

[Event "XXVI C.to Italiano femminile"]
[Site "Porto San Giorgio ITA"]
[Date "1999.08.21"]
[Round "2"]
[White "Capuano, Francesca"]
[Black "Sirletti, Sonia"]
[Result "1/2-1/2"]
[WhiteElo "1651"]
[BlackElo "1804"]
[PlyCount "57"]
[EventDate "1999.08.20"]

1.d4 Nf6 2.Nf3 g6 3.c4 Bg7 4.Nc3 d6 5.e4 O-O 6.Be2 e5 7.O-O Nc6 8.d5 Ne7 
9.Ne1 Nd7 10.Nd3 f5 11.Bd2 Nf6 12.f3 Kh8 13.a3 Neg8 14.Qc1 h5 15.exf5 gxf5
16.f4 Qe7 17.Qd1 h4 18.Nf2 Bh6 19.Kh1 Ne4 20.Ncxe4 fxe4 21.Nxe4 exf4 22.
Bd3 f3 23.Bc3+ Bg7 24.gxf3 Bxc3 25.Nxc3 Bh3 26.Rg1 Qe3 27.Be4 Nf6 28.Re1 
Qg5 29.Rg1 1/2-1/2

[Event "XXVI C.to Italiano femminile"]
[Site "Porto San Giorgio ITA"]
[Date "1999.08.21"]
[Round "2"]
[White "De Nisi, Roberta"]
[Black "Arnetta, Maria Teresa"]
[Result "1/2-1/2"]
[WhiteElo "1540"]
[BlackElo "1792"]
[PlyCount "181"]
[EventDate "1999.08.20"]

1.c4 e5 2.Nc3 Nf6 3.d3 c6 4.Nf3 Qe7 5.e4 g6 6.Be2 Bg7 7.O-O Na6 8.Re1 O-O 
9.Rb1 Nc7 10.Qb3 d6 11.h3 h6 12.Be3 g5 13.Nh2 Ne6 14.Ng4 Nf4 15.Qd1 Kh7 
16.Nxf6+ Qxf6 17.Bg4 Bxg4 18.hxg4 Rh8 19.g3 Ne6 20.Kg2 Kg8 21.Rh1 Qe7 22.
Ne2 Qd7 23.Ng1 d5 24.Nh3 d4 25.Bd2 Nc5 26.Qe2 Qc7 27.b3 Ne6 28.Rbf1 Qe7 
29.f4 gxf4 30.gxf4 exf4 31.Nxf4 Qd7 32.Nh5 Ng5 33.Nf6+ Bxf6 34.Rxf6 Kg7 
35.Bxg5 hxg5 36.Rxh8 Rxh8 37.Rf5 Kg6 38.Qf2 Qd6 39.Qg3 Qe7 40.Qf2 Qd6 41.
Qg3 Qa3 42.Qf2 Qd6 43.e5 Qe7 44.Rf6+ Kg7 45.Kg3 Qd7 46.Rf5 f6 47.Rxf6 Rh4 
48.Qf5 Qxf5 49.gxf5 Rh1 50.Rg6+ Kf7 51.Rxg5 Rd1 52.Kf2 Rxd3 53.Rg1 Rd2+ 
54.Kf3 d3 55.Re1 Rh2 56.Ke3 Rh3+ 57.Kd2 Rf3 58.f6 Ke6 59.Re3 Rf4 60.Kxd3 
c5 61.Re2 a6 62.a4 b6 63.Re4 Rf1 64.Ke2 Rf5 65.Re3 Rh5 66.Kf3 Rh3+ 67.Kf4 
Rh5 68.Kg4 Rh8 69.Rh3 Rg8+ 70.Kf4 Rg1 71.f7 Kxf7 72.Rh6 Rf1+ 73.Ke4 Re1+ 
74.Kd5 Rd1+ 75.Kc6 Rb1 76.Kxb6 Rxb3+ 77.Kxc5 a5 78.Ra6 Re3 79.Rxa5 Rxe5+ 
80.Kb4 Re1 81.c5 Ke7 82.Ra6 Kd7 83.a5 Rb1+ 84.Kc4 Rc1+ 85.Kd4 Rd1+ 86.Kc3 
Rc1+ 87.Kb2 Rxc5 88.Kb3 Rh5 89.Kb4 Kc7 90.Rb6 Rg5 91.Kc4 1/2-1/2

[Event "XXVI C.to Italiano femminile"]
[Site "Porto San Giorgio ITA"]
[Date "1999.08.21"]
[Round "2"]
[White "Sautto, Alessandra"]
[Black "Bonzano, Maria Angela"]
[Result "0-1"]
[WhiteElo "1515"]
[BlackElo "1593"]
[PlyCount "122"]
[EventDate "1999.08.20"]

1.e4 c6 2.d4 d5 3.Nc3 dxe4 4.Nxe4 Bf5 5.Ng3 Bg6 6.Nf3 Nd7 7.Bd3 Bxd3 8.
Qxd3 Qc7 9.Be3 Ngf6 10.O-O e6 11.Rfe1 Be7 12.c4 O-O 13.Bd2 Rfd8 14.Qc2 
Rac8 15.Rac1 Qb8 16.Bc3 Bd6 17.Ne5 c5 18.Nxd7 Nxd7 19.Qe2 cxd4 20.Bxd4 Bc5
21.Bc3 Bf8 22.Qg4 Qc7 23.Bxg7 Bxg7 24.Nh5 Kf8 25.Qxg7+ Ke7 26.Qg5+ Kf8 27.
Re3 Qc5 28.Qg7+ Ke7 29.Nf4 Rc6 30.Nd5+ Ke8 31.Rf3 f5 32.Re3 Qxd5 33.Qg8+ 
Nf8 34.Rce1 Qxc4 35.b3 Qa6 36.a4 Rcd6 37.Qg5 Qc6 38.Qh5+ Kd7 39.Qg5 Kc8 
40.R3e2 Kb8 41.Qf4 Ka8 42.h3 Qc3 43.b4 Rd4 44.Qg5 Qxb4 45.Rc1 Qd6 46.Ree1 
a6 47.Qg7 Qd7 48.Qf6 Qxa4 49.Qe7 Qd7 50.Qg5 Rd2 51.Rf1 Qf7 52.Qe3 Qg6 53.
Kh2 R2d3 54.Qb6 e5 55.Qc7 Qd6 56.Qf7 e4+ 57.Kh1 Qd7 58.Qf6 Ng6 59.Qb6 Qd6 
60.Qb2 Qd4 61.Qa2 Rd2 0-1

[Event "XXVI C.to Italiano femminile"]
[Site "Porto San Giorgio ITA"]
[Date "1999.08.22"]
[Round "3"]
[White "Arnetta, Maria Teresa"]
[Black "Sautto, Alessandra"]
[Result "0-1"]
[WhiteElo "1792"]
[BlackElo "1515"]
[PlyCount "66"]
[EventDate "1999.08.20"]

1.e4 c5 2.c3 d6 3.d4 cxd4 4.cxd4 e6 5.Nc3 Nf6 6.Nf3 Be7 7.Bd3 a6 8.O-O b5 
9.a3 Bb7 10.Re1 Qc7 11.e5 dxe5 12.dxe5 Nd5 13.Ne4 Nd7 14.Bg5 O-O 15.Bxe7 
Nxe7 16.Nd6 Bxf3 17.Qxf3 Nxe5 18.Bxh7+ Kxh7 19.Qh5+ Kg8 20.Qxe5 Ng6 21.Qg3
Rfd8 22.Red1 Rd7 23.Rac1 Qd8 24.Qf3 Ne5 25.Qe4 Nc4 26.Rd3 Nxd6 27.Qg4 Nf5 
28.Rh3 Rc8 29.Rf1 Rc4 30.Qe2 Rd5 31.Re1 Rcd4 32.Qh5 Nh6 33.Rhe3 Rxh5 0-1

[Event "XXVI C.to Italiano femminile"]
[Site "Porto San Giorgio ITA"]
[Date "1999.08.22"]
[Round "3"]
[White "Bonzano, Maria Angela"]
[Black "Capuano, Francesca"]
[Result "0-1"]
[WhiteElo "1593"]
[BlackElo "1651"]
[PlyCount "68"]
[EventDate "1999.08.20"]

1.d4 d5 2.c4 e6 3.Nc3 Be7 4.Nf3 Nf6 5.Bg5 O-O 6.e3 h6 7.Bh4 b6 8.cxd5 Nxd5
9.Bxe7 Qxe7 10.Nxd5 exd5 11.Rc1 Be6 12.Be2 c5 13.O-O Rc8 14.Qd2 a5 15.Rc2 
c4 16.Qc3 Bf5 17.Rcc1 b5 18.Qe1 Nc6 19.a3 b4 20.Ra1 Rab8 21.Qc1 bxa3 22.
bxa3 Rb6 23.Bd1 Rcb8 24.Bc2 Bxc2 25.Qxc2 Rb3 26.Qc1 c3 27.Qc2 Rxa3 28.Rxa3
Qxa3 29.h3 Qb2 30.Rc1 Qxc2 31.Rxc2 Rb3 32.Kf1 Nb4 33.Rc1 a4 34.Ne1 a3 0-1

[Event "XXVI C.to Italiano femminile"]
[Site "Porto San Giorgio ITA"]
[Date "1999.08.22"]
[Round "3"]
[White "De Nisi, Martina"]
[Black "De Nisi, Roberta"]
[Result "0-1"]
[WhiteElo "1515"]
[BlackElo "1540"]
[PlyCount "128"]
[EventDate "1999.08.20"]

1.c4 f5 2.Nf3 Nf6 3.b3 e6 4.Bb2 Be7 5.g3 c5 6.Bg2 Nc6 7.O-O O-O 8.e3 Ne4 
9.d3 Nf6 10.d4 d5 11.Nbd2 Qc7 12.dxc5 Bxc5 13.cxd5 Nxd5 14.Rc1 Be7 15.Nd4 
Bf6 16.Rc2 Ndb4 17.Rc4 Bd7 18.a3 Nd5 19.Qc2 Rac8 20.Nxc6 Bxc6 21.Bxf6 Nxf6
22.Bxc6 bxc6 23.Rc1 Qd6 24.Rxc6 Rxc6 25.Qxc6 Qxd2 26.Qxe6+ Kh8 27.Rc8 Rxc8
28.Qxc8+ Ng8 29.Qxf5 Qd1+ 30.Kg2 Qxb3 31.Qa5 Qb7+ 32.Kg1 Qd7 33.a4 Nf6 34.
Qb5 Qxb5 35.axb5 Nd5 36.Kf1 Kg8 37.Ke1 Kf7 38.Kd2 Nc7 39.f4 Nxb5 40.e4 a5 
41.e5 Ke6 42.Kc2 a4 43.h3 h5 44.Kd3 a3 45.Kc2 a2 46.Kb2 Nc3 47.Ka1 Ne2 48.
Kxa2 Nxg3 49.Kb3 Ne2 50.Kc4 Nxf4 51.Kd4 Nxh3 52.Ke4 g5 53.Kf3 Nf4 54.Kg3 
Kxe5 55.Kh2 Ke4 56.Kg3 Ke3 57.Kh2 h4 58.Kh1 g4 59.Kh2 g3+ 60.Kh1 h3 61.Kg1
Ne2+ 62.Kh1 Nd4 63.Kg1 Nf3+ 64.Kh1 g2# 0-1

[Event "XXVI C.to Italiano femminile"]
[Site "Porto San Giorgio ITA"]
[Date "1999.08.22"]
[Round "3"]
[White "Parrino, Giuseppina"]
[Black "Barbiso, Tiziana"]
[Result "1/2-1/2"]
[WhiteElo "1840"]
[BlackElo "2050"]
[PlyCount "96"]
[EventDate "1999.08.20"]

1.e4 e6 2.d4 d5 3.exd5 exd5 4.Nf3 Bd6 5.c3 c6 6.Bd3 Nf6 7.Bg5 Bg4 8.O-O 
O-O 9.Nbd2 Nbd7 10.Qc2 Qc7 11.Rfe1 Rfe8 12.h3 Bh5 13.Rac1 Bg6 14.Bxg6 hxg6
15.b3 a5 16.c4 a4 17.Rxe8+ Nxe8 18.c5 Bf8 19.b4 Nef6 20.a3 Be7 21.Re1 Nf8 
22.Ne5 Ne6 23.Nxg6 Re8 24.Nxe7+ Rxe7 25.Bxf6 gxf6 26.Qd1 Qf4 27.Qg4+ Qxg4 
28.hxg4 Rd7 29.Nf3 Nc7 30.g5 fxg5 31.Nxg5 Kf8 32.Nf3 Nb5 33.Rd1 Re7 34.Ne5
Nxa3 35.Ra1 Nc2 36.Rxa4 Nxd4 37.Nd3 Nb5 38.Kh2 Re4 39.Ra8+ Re8 40.Rxe8+ 
Kxe8 41.g4 Ke7 42.f4 Nd4 43.Kg3 Kf6 44.Kh4 Nf3+ 45.Kh5 Kg7 46.g5 Nd4 47.
Ne1 Kh7 48.Ng2 Nf5 1/2-1/2